[Event "Campeonato del mundo sub-18"]
[Site "Kemer TUR"]
[Date "2009.11.15"]
[Round "4.15"]
[White "Yaksin, Oleg"]
[Black "Melnichuk, Mikhail"]
[Result "1/2-1/2"]
[WhiteElo "2406"]
[BlackElo "2312"]
[PlyCount "84"]
[EventDate "2009.11.11"]
[EventType "swiss"]
[EventRounds "11"]
[EventCountry "ESP"]
[Source "lmi"]
[SourceDate "2009.11.11"]

1. d4 Nf6 2. c4 e6 3. g3 Bb4+ 4. Bd2 Qe7 5. Bg2 Nc6 6. e3 e5 7. d5 Bxd2+ 8.
Qxd2 Nb8 9. d6 Qxd6 10. Qxd6 cxd6 11. Nc3 Ke7 12. f4 Nc6 13. Nf3 b6 14. Rd1 Bb7
15. O-O Rac8 16. Nh4 g6 17. Nb5 Ne8 18. fxe5 dxe5 19. Rxf7+ Kxf7 20. Rxd7+ Kf6
21. Rxb7 g5 22. Nf3 Na5 23. Rxa7 Nxc4 24. Bh3 Rd8 25. Nc3 Ned6 26. Nd5+ Kg6 27.
b3 e4 28. Nd4 Ne5 29. Ne6 Rd7 30. Nef4+ gxf4 31. Nxf4+ Kf6 32. Bxd7 Ndf7 33.
Nd5+ Kg6 34. Nxb6 Rb8 35. Nd5 Rd8 36. Nf4+ Kf6 37. Ra6+ Ke7 38. Be6 Nf3+ 39.
Kf1 Rd1+ 40. Kf2 Rd2+ 41. Kf1 Nxh2+ 42. Ke1 Nf3+ 1/2-1/2

[Event "Campeonato del mundo sub-18"]
[Site "Kemer TUR"]
[Date "2009.11.15"]
[Round "4.16"]
[White "Kanakaris, Georgios"]
[Black "Baron, Tal"]
[Result "0-1"]
[WhiteElo "2312"]
[BlackElo "2404"]
[PlyCount "130"]
[EventDate "2009.11.11"]
[EventType "swiss"]
[EventRounds "11"]
[EventCountry "ESP"]
[Source "lmi"]
[SourceDate "2009.11.11"]

1. d4 Nf6 2. c4 g6 3. Nc3 d5 4. Nf3 Bg7 5. Qb3 dxc4 6. Qxc4 O-O 7. e4 Nc6 8.
Be2 e5 9. d5 Nd4 10. Nxd4 exd4 11. Qxd4 c6 12. Qc4 cxd5 13. exd5 Bf5 14. O-O
Rc8 15. Qb3 Ne4 16. Nxe4 Bxe4 17. Bf3 Bxf3 18. Qxf3 Qd7 19. Bg5 Bxb2 20. Rab1
Be5 21. Rfe1 f6 22. Bh6 Rfd8 23. h4 b6 24. Rbd1 Qf7 25. Rd3 Rd7 26. Qh3 Rcd8
27. f4 Bd6 28. Qf3 Bc5+ 29. Kh2 Rxd5 30. Re8+ Rxe8 31. Rxd5 f5 32. Qb3 Qe6 33.
Qc3 Qe7 34. Rd3 Qxh4+ 35. Rh3 Qe7 36. Qd3 Qe1 37. Qb3+ Qe6 38. Qc3 Bf8 39. Bxf8
Rxf8 40. Re3 Qf6 41. Qc4+ Kg7 42. Kh3 Rf7 43. Re6 Qa1 44. Re5 Rd7 45. Qe2 Qc3+
46. Kh2 Kf7 47. Qf2 Qb4 48. Qh4 Kg7 49. Re6 Rf7 50. Re5 Qb2 51. Qe1 Qd4 52. Kg3
h5 53. Qc1 g5 54. Re6 h4+ 55. Kh3 Qxf4 56. Qxf4 gxf4 57. Kxh4 Rf6 58. Re2 Rg6
59. Rf2 Kh6 60. Kh3 Kg5 61. Kh2 Kg4 62. Rc2 Rd6 63. Rc7 f3 64. gxf3+ Kxf3 65.
Rxa7 Kf2 0-1

[Event "Campeonato del mundo sub-18"]
[Site "Kemer TUR"]
[Date "2009.11.15"]
[Round "4.17"]
[White "Shyam, Nikhil Ponnusamy"]
[Black "Hanninger, Simon"]
[Result "1/2-1/2"]
[WhiteElo "2393"]
[BlackElo "2171"]
[PlyCount "85"]
[EventDate "2009.11.11"]
[EventType "swiss"]
[EventRounds "11"]
[EventCountry "ESP"]
[Source "lmi"]
[SourceDate "2009.11.11"]

1. e4 c6 2. d4 d5 3. Nc3 dxe4 4. Nxe4 Bf5 5. Ng3 Bg6 6. h4 h6 7. Nf3 Nd7 8. h5
Bh7 9. Bd3 Bxd3 10. Qxd3 e6 11. Bf4 Qa5+ 12. Bd2 Bb4 13. c3 Be7 14. c4 Qc7 15.
O-O-O Ngf6 16. Kb1 O-O 17. Ne4 Rad8 18. Nxf6+ Nxf6 19. Qe2 c5 20. Be3 Rfe8 21.
Ne5 Nd7 22. Nxd7 Rxd7 23. dxc5 Rxd1+ 24. Rxd1 Bxc5 25. Bc1 Be7 26. Qg4 Kh8 27.
Qe4 Rc8 28. f4 Rd8 29. Rxd8+ Qxd8 30. a3 Qd7 31. Qe2 f5 32. Kc2 Bf6 33. g4 fxg4
34. Qxg4 Qa4+ 35. b3 Qd7 36. Qh3 Qd4 37. Qe3 Qa1 38. c5 Bd4 39. Qxe6 Qc3+ 40.
Kd1 Qf3+ 41. Kc2 Qc3+ 42. Kd1 Qf3+ 43. Kc2 1/2-1/2

[Event "Campeonato del mundo sub-18"]
[Site "Kemer TUR"]
[Date "2009.11.15"]
[Round "4.18"]
[White "Vastrukhin, Oleg"]
[Black "Demuth, Adrien"]
[Result "1/2-1/2"]
[WhiteElo "2312"]
[BlackElo "2387"]
[PlyCount "45"]
[EventDate "2009.11.11"]
[EventType "swiss"]
[EventRounds "11"]
[EventCountry "ESP"]
[Source "lmi"]
[SourceDate "2009.11.11"]

1. Nf3 Nf6 2. b4 e6 3. a3 b6 4. Bb2 c5 5. b5 Be7 6. e3 O-O 7. d3 d5 8. Nbd2
Nbd7 9. c4 Qc7 10. Be2 Bb7 11. Qc2 a6 12. bxa6 Rxa6 13. h4 dxc4 14. dxc4 Bd6
15. Rg1 Ne5 16. g4 Nxf3+ 17. Nxf3 Bxf3 18. Bxf3 Be5 19. g5 Bxb2 20. Qxb2 Nd7
21. Ke2 Qe5 22. Qb3 f5 23. Rad1 1/2-1/2

[Event "Campeonato del mundo sub-18"]
[Site "Kemer TUR"]
[Date "2009.11.15"]
[Round "4.19"]
[White "Bebel, Arkadiusz"]
[Black "Lovik, Lasse Ostebo"]
[Result "1/2-1/2"]
[WhiteElo "2275"]
[BlackElo "2379"]
[PlyCount "96"]
[EventDate "2009.11.11"]
[EventType "swiss"]
[EventRounds "11"]
[EventCountry "ESP"]
[Source "lmi"]
[SourceDate "2009.11.11"]

1. e4 c6 2. d4 d5 3. exd5 cxd5 4. c4 Nf6 5. Nc3 g6 6. cxd5 Nxd5 7. Bc4 Nb6 8.
Bb3 Bg7 9. Nge2 O-O 10. O-O Nc6 11. d5 Na5 12. Be3 Nbc4 13. Bxc4 Nxc4 14. Bd4
Bxd4 15. Qxd4 Nd6 16. Rfe1 b6 17. Rad1 Bd7 18. Nf4 Rc8 19. Qe5 Re8 20. h4 Rc4
21. g3 Bg4 22. Rd3 Qd7 23. b3 Rc5 24. f3 Bf5 25. Rd2 Qc7 26. Nce2 Nb5 27. Qxc7
Rxc7 28. g4 Bc8 29. a4 Nd6 30. Nd4 Kf8 31. Kf2 a6 32. Rde2 Bd7 33. Nd3 Nc8 34.
Ne5 Rd8 35. Nd3 Be8 36. Nf4 Rdd7 37. Nc6 Rd6 38. Nd4 Rc5 39. g5 b5 40. axb5
Bxb5 41. Ra2 Nb6 42. Nxb5 axb5 43. Ra7 Rd7 44. Rxd7 Nxd7 45. b4 Rc2+ 46. Re2
Rc4 47. Re4 Rc2+ 48. Re2 Rc4 1/2-1/2

[Event "Campeonato del mundo sub-18"]
[Site "Kemer TUR"]
[Date "2009.11.15"]
[Round "4.21"]
[White "Nabaty, Tamir"]
[Black "Rumjantsev, Jevgeni"]
[Result "1/2-1/2"]
[WhiteElo "2508"]
[BlackElo "2039"]
[PlyCount "44"]
[EventDate "2009.11.11"]
[EventType "swiss"]
[EventRounds "11"]
[EventCountry "ESP"]
[Source "lmi"]
[SourceDate "2009.11.11"]

1. d4 d5 2. Nc3 Nf6 3. Bg5 Bf5 4. Bxf6 exf6 5. e3 c6 6. Bd3 Qd7 7. Nge2 Bd6 8.
e4 dxe4 9. Nxe4 Bxe4 10. Bxe4 O-O 11. Qd3 h6 12. O-O-O Na6 13. Kb1 Rfe8 14. a3
Rab8 15. Qf3 Nc7 16. Nc3 Ne6 17. h4 Qc7 18. Qf5 g6 19. Qxf6 Nf4 20. h5 Be7 21.
Qe5 Bd6 22. Qf6 Be7 1/2-1/2

[Event "Campeonato del mundo sub-18"]
[Site "Kemer TUR"]
[Date "2009.11.15"]
[Round "4.22"]
[White "Ter-Sahakyan, Samvel"]
[Black "Pradeep Kumar, Raghu"]
[Result "1-0"]
[WhiteElo "2512"]
[BlackElo "2202"]
[PlyCount "87"]
[EventDate "2009.11.11"]
[EventType "swiss"]
[EventRounds "11"]
[EventCountry "ESP"]
[Source "lmi"]
[SourceDate "2009.11.11"]

1. e4 c5 2. Nf3 Nc6 3. d4 cxd4 4. Nxd4 Nf6 5. Nc3 e5 6. Ndb5 d6 7. Bg5 a6 8.
Na3 b5 9. Nd5 Be7 10. Bxf6 Bxf6 11. c3 O-O 12. Nc2 Bg5 13. a4 bxa4 14. Rxa4 a5
15. Bc4 Rb8 16. b3 Kh8 17. Nce3 Bxe3 18. Nxe3 Ne7 19. O-O f5 20. exf5 Bxf5 21.
Ra2 Qb6 22. Qa1 Be4 23. Rxa5 d5 24. Bxd5 Nxd5 25. Nxd5 Qxb3 26. Ne3 Qf7 27. Qa2
Qf4 28. Ra4 Ra8 29. Rxa8 Bxa8 30. Rb1 h5 31. Rb4 Qg5 32. h3 Qg6 33. Qb2 Qd6 34.
Qc2 g6 35. Qb2 Kh7 36. Ra4 Rb8 37. Qa2 Qf8 38. Ra7+ Kh6 39. Rf7 Qd6 40. Qa7 Kg5
41. Nf1 e4 42. Qe3+ Kh4 43. Rf4+ Kg5 44. h4+ 1-0

[Event "Campeonato del mundo sub-18"]
[Site "Kemer TUR"]
[Date "2009.11.15"]
[Round "4.23"]
[White "Hovhannisyan, Robert"]
[Black "Ollier, Pablo"]
[Result "1-0"]
[WhiteElo "2487"]
[BlackElo "2259"]
[PlyCount "61"]
[EventDate "2009.11.11"]
[EventType "swiss"]
[EventRounds "11"]
[EventCountry "ESP"]
[Source "lmi"]
[SourceDate "2009.11.11"]

1. e4 e6 2. d4 d5 3. Nc3 Bb4 4. e5 c5 5. dxc5 Nc6 6. Nf3 d4 7. a3 Ba5 8. b4
Nxb4 9. axb4 Bxb4 10. Rb1 Bxc3+ 11. Bd2 Ne7 12. Bb5+ Nc6 13. Bxc3 dxc3 14.
Bxc6+ bxc6 15. Qd6 Qxd6 16. cxd6 Ba6 17. Nd4 Kd7 18. f4 Rhb8 19. Kf2 Rb2 20.
Rxb2 cxb2 21. Rb1 Rb8 22. Nb3 Bc4 23. Rxb2 Rb5 24. Ra2 Bxb3 25. Rxa7+ Ke8 26.
cxb3 Rxb3 27. Ra8+ Kd7 28. Rf8 f6 29. Rf7+ Kd8 30. f5 exf5 31. e6 1-0

[Event "Campeonato del mundo sub-18"]
[Site "Kemer TUR"]
[Date "2009.11.15"]
[Round "4.24"]
[White "Karayev, Assylkhan"]
[Black "Rasulov, Vugar Ural Oglu"]
[Result "0-1"]
[WhiteElo "2275"]
[BlackElo "2427"]
[PlyCount "90"]
[EventDate "2009.11.11"]
[EventType "swiss"]
[EventRounds "11"]
[EventCountry "ESP"]
[Source "lmi"]
[SourceDate "2009.11.11"]

1. e4 c5 2. Nf3 e6 3. c4 a6 4. Nc3 Qc7 5. Be2 b6 6. O-O Bb7 7. d3 Be7 8. a3 Nc6
9. Be3 Nf6 10. h3 O-O 11. Qd2 Rfd8 12. Bf4 d6 13. Rab1 Nd7 14. b4 Nde5 15. bxc5
bxc5 16. Rb2 Nxf3+ 17. Bxf3 Nd4 18. Rfb1 Rab8 19. Bd1 Bc6 20. Ne2 Nxe2+ 21.
Bxe2 h6 22. Bf1 Kh7 23. Bg3 Ba4 24. Rxb8 Rxb8 25. Rxb8 Qxb8 26. Qa5 Bc2 27.
Qxc5 Qb1 28. Qe3 e5 29. Qe2 Qc1 30. c5 Kg8 31. cxd6 Bxd6 32. d4 a5 33. dxe5
Bxa3 34. e6 Bb3 35. exf7+ Bxf7 36. e5 Qc6 37. Qd2 a4 38. Qd8+ Bf8 39. f4 a3 40.
Bf2 Qc1 41. Qa8 Bc4 42. e6 Qxf1+ 43. Kh2 Bxe6 44. Bc5 Qxf4+ 45. g3 Qd2+ 0-1

[Event "Campeonato del mundo sub-18"]
[Site "Kemer TUR"]
[Date "2009.11.15"]
[Round "4.26"]
[White "Kaminski, Victor"]
[Black "Stankovic, Milos"]
[Result "1/2-1/2"]
[WhiteElo "2235"]
[BlackElo "2379"]
[PlyCount "30"]
[EventDate "2009.11.11"]
[EventType "swiss"]
[EventRounds "11"]
[EventCountry "ESP"]
[Source "lmi"]
[SourceDate "2009.11.11"]

1. d4 Nf6 2. Nf3 e6 3. Bf4 c5 4. c3 b6 5. e3 Bb7 6. Nbd2 cxd4 7. exd4 Be7 8. h3
O-O 9. Bd3 a6 10. g4 d6 11. Bh2 Nbd7 12. O-O Re8 13. Rc1 Nf8 14. Nc4 Nd5 15.
Ne3 Nd7 1/2-1/2

[Event "Campeonato del mundo sub-18"]
[Site "Kemer TUR"]
[Date "2009.11.15"]
[Round "4.27"]
[White "Akdag, Dara"]
[Black "Pavlidis, Antonios"]
[Result "0-1"]
[WhiteElo "2189"]
[BlackElo "2364"]
[PlyCount "74"]
[EventDate "2009.11.11"]
[EventType "swiss"]
[EventRounds "11"]
[EventCountry "ESP"]
[Source "lmi"]
[SourceDate "2009.11.11"]

1. d4 Nf6 2. c4 g6 3. Nc3 Bg7 4. e4 d6 5. Be2 O-O 6. Nf3 e5 7. O-O Nc6 8. d5
Ne7 9. b4 Ne8 10. a4 f5 11. Ra2 Nf6 12. Ng5 h6 13. Ne6 Bxe6 14. dxe6 fxe4 15.
Be3 c6 16. Rd2 Nf5 17. g4 Nxe3 18. fxe3 Qb6 19. c5 dxc5 20. a5 Qxb4 21. e7 Qxc3
22. exf8=Q+ Rxf8 23. Rd8 Nd5 24. Rfxf8+ Bxf8 25. Qf1 Qxe3+ 26. Qf2 Qf4 27. Qxc5
e3 28. Qc4 Qf2+ 29. Kh1 Qe1+ 30. Bf1 Qxa5 31. Rd7 Qb4 32. Qc2 Qxg4 33. Rxb7 e4
34. Rxa7 Qf3+ 35. Bg2 e2 36. Bxf3 e1=Q+ 37. Kg2 Nf4# 0-1

[Event "Campeonato del mundo sub-18"]
[Site "Kemer TUR"]
[Date "2009.11.15"]
[Round "4.28"]
[White "Janev, Tihomir"]
[Black "Shreyansh, Daklia"]
[Result "0-1"]
[WhiteElo "2335"]
[BlackElo "2236"]
[PlyCount "46"]
[EventDate "2009.11.11"]
[EventType "swiss"]
[EventRounds "11"]
[EventCountry "ESP"]
[Source "lmi"]
[SourceDate "2009.11.11"]

1. d4 d5 2. c4 c6 3. Nf3 Nf6 4. Qc2 g6 5. Bf4 dxc4 6. Qxc4 Bg7 7. Qb3 O-O 8.
Nc3 Nbd7 9. e4 Nh5 10. Bg5 h6 11. Be3 Nb6 12. Rd1 Kh8 13. Be2 Qe8 14. h3 f5 15.
exf5 gxf5 16. g4 Nf6 17. g5 hxg5 18. Bxg5 Nfd5 19. Nxd5 Nxd5 20. Ne5 f4 21. Bg4
Bxe5 22. dxe5 Qg6 23. Bh4 Qh6 0-1

[Event "Campeonato del mundo sub-18"]
[Site "Kemer TUR"]
[Date "2009.11.15"]
[Round "4.30"]
[White "Eiti, Bashir"]
[Black "Yilmazyerli, Mert"]
[Result "1/2-1/2"]
[WhiteElo "1813"]
[BlackElo "2295"]
[PlyCount "158"]
[EventDate "2009.11.11"]
[EventType "swiss"]
[EventRounds "11"]
[EventCountry "ESP"]
[Source "lmi"]
[SourceDate "2009.11.11"]

1. Nf3 Nf6 2. d4 e6 3. Bg5 c5 4. e3 Be7 5. c3 b6 6. Nbd2 O-O 7. Bd3 Nc6 8. O-O
cxd4 9. exd4 Nd5 10. Bxe7 Ncxe7 11. Re1 Bb7 12. Ne4 Qc7 13. g3 f5 14. Neg5 h6
15. Nh3 Rf6 16. Ne5 d6 17. Nc4 Qc6 18. f3 g5 19. Nd2 Ng6 20. Bf1 e5 21. c4 Nde7
22. d5 Qc5+ 23. Nf2 Raf8 24. Bg2 h5 25. Rc1 g4 26. fxg4 hxg4 27. Rf1 R6f7 28.
Qe2 Bc8 29. a3 Ba6 30. b4 Qc8 31. Qd3 Rh7 32. Nd1 Kg7 33. Rf2 Rfh8 34. Nf1 Qd7
35. Nde3 Rf8 36. Qd1 e4 37. Qd4+ Kg8 38. Nd2 Ne5 39. Rcf1 Nf3+ 40. Bxf3 gxf3
41. Nxe4 fxe4 42. Qxe4 Qh3 43. Ng4 Rg7 44. Ne3 Rgf7 45. Rxf3 Rxf3 46. Rxf3 Rxf3
47. Qxf3 Qh6 48. Qe4 Qg5 49. c5 bxc5 50. bxc5 dxc5 51. Qe6+ Kf8 52. d6 Nc6 53.
d7 Nd8 54. Qe8+ Kg7 55. g4 Bd3 56. Kg2 Bg6 57. Kg3 Qf6 58. Nd5 Qd6+ 59. Nf4 Nf7
60. d8=Q Nxd8 61. Qxd8 Qxd8 62. Ne6+ Kf6 63. Nxd8 c4 64. Kf4 c3 65. g5+ Ke7 66.
Nc6+ Kd6 67. Nd4 c2 68. Ne2 Kd5 69. h4 Bh5 70. Nc1 Kd4 71. Kf5 Kc3 72. g6 Kb2
73. Nd3+ Kb1 74. g7 Bf7 75. Kf4 Bc4 76. Ke3 Bxd3 77. Kxd3 c1=Q 78. g8=Q Qxa3+
79. Kd4 Qd6+ 1/2-1/2

[Event "Campeonato del mundo sub-18"]
[Site "Kemer TUR"]
[Date "2009.11.15"]
[Round "4.31"]
[White "Bukavshin, Ivan"]
[Black "Tiraturyan, David"]
[Result "1-0"]
[WhiteElo "2426"]
[BlackElo "2158"]
[PlyCount "79"]
[EventDate "2009.11.11"]
[EventType "swiss"]
[EventRounds "11"]
[EventCountry "ESP"]
[Source "lmi"]
[SourceDate "2009.11.11"]

1. e4 c5 2. Nf3 d6 3. d4 cxd4 4. Nxd4 Nf6 5. Nc3 g6 6. Be3 Bg7 7. f3 O-O 8. Qd2
Nc6 9. O-O-O Nxd4 10. Bxd4 Be6 11. Kb1 a6 12. h4 b5 13. h5 b4 14. Ne2 Qa5 15.
b3 Rfc8 16. Nf4 Bd7 17. Bb2 Qg5 18. hxg6 hxg6 19. g4 a5 20. Qh2 Rc3 21. Bc4 a4
22. Rd3 axb3 23. Bxb3 Rac8 24. Ne2 Rxd3 25. cxd3 Bb5 26. Nf4 Rc3 27. Bxc3 bxc3
28. Kc2 Kf8 29. d4 Ba6 30. e5 dxe5 31. dxe5 Nxg4 32. fxg4 Bxe5 33. Rd1 e6 34.
Nh3 Qe3 35. Qf2 Qxh3 36. Qc5+ Kg8 37. Rd8+ Kh7 38. Qxe5 Qg2+ 39. Kxc3 Qf3+ 40.
Kb4 1-0

[Event "Campeonato del mundo sub-18"]
[Site "Kemer TUR"]
[Date "2009.11.15"]
[Round "4.33"]
[White "Wageih, Kareim"]
[Black "Santos, Hugo Lima"]
[Result "1/2-1/2"]
[WhiteElo "2324"]
[BlackElo "2041"]
[PlyCount "67"]
[EventDate "2009.11.11"]
[EventType "swiss"]
[EventRounds "11"]
[EventCountry "ESP"]
[Source "lmi"]
[SourceDate "2009.11.11"]

1. d4 Nf6 2. Nf3 g6 3. c4 Bg7 4. Nc3 O-O 5. Bf4 d6 6. h3 c5 7. d5 a6 8. a4 Qa5
9. Bd2 e6 10. e4 exd5 11. cxd5 Re8 12. Qc2 b5 13. Nxb5 Qb6 14. a5 axb5 15. axb6
Rxa1+ 16. Bc1 Bh6 17. Nd2 Nxe4 18. Bxb5 Bxd2+ 19. Ke2 Ba6 20. Bxa6 Nxa6 21. Kf3
Nb4 22. Qc4 Bxc1 23. Qb5 Ng5+ 24. Kg3 Rb8 25. Kh2 h6 26. g3 Rb7 27. Kg2 Bxb2
28. Rxa1 Bxa1 29. Qe8+ Kg7 30. Qa8 Rxb6 31. Qxa1+ Kf8 32. Qa8+ Kg7 33. Qa1+ Kf8
34. Qa8+ 1/2-1/2

[Event "Campeonato del mundo sub-18"]
[Site "Kemer TUR"]
[Date "2009.11.15"]
[Round "4.34"]
[White "Kocheev, Aleksandr"]
[Black "Ulkhanov, Azamat"]
[Result "0-1"]
[WhiteElo "2247"]
[BlackElo "2068"]
[PlyCount "122"]
[EventDate "2009.11.11"]
[EventType "swiss"]
[EventRounds "11"]
[EventCountry "ESP"]
[Source "lmi"]
[SourceDate "2009.11.11"]

1. e4 e5 2. Nf3 Nc6 3. Bb5 a6 4. Ba4 Nf6 5. d3 b5 6. Bb3 d6 7. c3 Be7 8. Nbd2
O-O 9. Nf1 d5 10. Qe2 dxe4 11. dxe4 Be6 12. Bxe6 fxe6 13. a4 Nd7 14. b4 Nb6 15.
a5 Na4 16. Rxa4 bxa4 17. Qc4 Qd6 18. Ne3 Bf6 19. O-O Na7 20. Qa2 Nb5 21. Bb2
Qc6 22. Qxa4 Qxe4 23. Qb3 Qc6 24. Ng4 e4 25. Nfe5 Bxe5 26. Nxe5 Qe8 27. c4 Nd6
28. Re1 Nf7 29. Ng4 h5 30. Ne3 Nh6 31. Nf1 Qf7 32. Bd4 Ng4 33. Qc2 Qg6 34. Ng3
Rad8 35. Bc5 Rf4 36. Ne2 Rf3 37. Nc3 Rfd3 38. h3 Ne5 39. Kf1 Nf3 40. Re3 Nd2+
41. Kg1 Nxc4 42. Re2 e3 43. fxe3 Qg3 44. Rf2 Rd2 45. Rxd2 Nxd2 46. Qd1 Qg5 47.
Qe2 Nb3 48. Ba7 Qe5 49. Qc2 Nd2 50. Ne2 Qa1+ 51. Nc1 Nb3 52. Qxb3 Qxc1+ 53. Kh2
Qc6 54. Bd4 Rd5 55. Qa2 Qd6+ 56. Kg1 Qxb4 57. Qc2 Qe7 58. Bc3 c5 59. Qe2 Qd6
60. Qb2 Rd1+ 61. Kf2 h4 0-1

[Event "Campeonato del mundo sub-18"]
[Site "Kemer TUR"]
[Date "2009.11.15"]
[Round "4.36"]
[White "Binder, Michael"]
[Black "Woods, Connor"]
[Result "1-0"]
[WhiteElo "2202"]
[BlackElo "1996"]
[PlyCount "37"]
[EventDate "2009.11.11"]
[EventType "swiss"]
[EventRounds "11"]
[EventCountry "ESP"]
[Source "lmi"]
[SourceDate "2009.11.11"]

1. d4 Nf6 2. Nf3 c5 3. d5 b5 4. Bg5 Bb7 5. Bxf6 gxf6 6. e4 Qa5+ 7. Nc3 b4 8.
Nb1 d6 9. Nbd2 Nd7 10. Nc4 Qc7 11. Be2 Ne5 12. Ncxe5 dxe5 13. Bb5+ Kd8 14. O-O
a6 15. Bc4 Rg8 16. Nh4 Rg5 17. Nf5 Bc8 18. Ne3 Bd7 19. a3 1-0

[Event "Campeonato del mundo sub-18"]
[Site "Kemer TUR"]
[Date "2009.11.15"]
[Round "4.37"]
[White "Hapuarachchi, H L M."]
[Black "Plaskan, Jure"]
[Result "0-1"]
[WhiteElo "2019"]
[BlackElo "2197"]
[PlyCount "74"]
[EventDate "2009.11.11"]
[EventType "swiss"]
[EventRounds "11"]
[EventCountry "ESP"]
[Source "lmi"]
[SourceDate "2009.11.11"]

1. e4 c5 2. Nc3 Nc6 3. f4 g6 4. Nf3 Bg7 5. Bb5 Nd4 6. O-O Nxb5 7. Nxb5 d6 8.
Nc3 Nf6 9. d3 O-O 10. Qe1 Rb8 11. Qh4 b5 12. e5 dxe5 13. fxe5 Nd7 14. Bf4 Rb7
15. Ng5 h6 16. Nxf7 Rxf7 17. e6 Rxf4 18. Qxf4 Nf6 19. Rae1 Qd4+ 20. Qxd4 cxd4
21. Ne4 Nd5 22. Rf2 Rc7 23. Ng3 Ne3 24. Ree2 Bxe6 25. h3 Bd5 26. b3 Bf6 27. Nf1
Nd1 28. Rf4 Kg7 29. Nh2 Nc3 30. Ref2 Be5 31. Rf8 Ne2+ 32. Rxe2 Bxh2+ 33. Kxh2
Kxf8 34. Kg3 Rc6 35. Kg4 Rf6 36. Kg3 Rf7 37. Re5 e6 0-1

[Event "Campeonato del mundo sub-18"]
[Site "Kemer TUR"]
[Date "2009.11.15"]
[Round "4.38"]
[White "Inonu, Munci MuhsÝn"]
[Black "Sanchez, Maya Simon"]
[Result "1/2-1/2"]
[WhiteElo "2002"]
[BlackElo "2194"]
[PlyCount "43"]
[EventDate "2009.11.11"]
[EventType "swiss"]
[EventRounds "11"]
[EventCountry "ESP"]
[Source "lmi"]
[SourceDate "2009.11.11"]

1. e4 c5 2. Nc3 Nc6 3. g3 g6 4. Bg2 Bg7 5. d3 e6 6. Be3 d6 7. f4 Nge7 8. Nf3
Nd4 9. O-O Nec6 10. e5 dxe5 11. fxe5 Nxe5 12. Nxe5 Bxe5 13. Ne4 f5 14. Nxc5 Qc7
15. c3 Qxc5 16. cxd4 Qb6 17. Re1 Bf6 18. d5 Qxb2 19. dxe6 O-O 20. Rb1 Qxa2 21.
Bc5 Re8 22. e7 1/2-1/2

[Event "Campeonato del mundo sub-18"]
[Site "Kemer TUR"]
[Date "2009.11.15"]
[Round "4.40"]
[White "Yilmaz, Baler"]
[Black "Schon, Eugene"]
[Result "1-0"]
[WhiteElo "1847"]
[BlackElo "2171"]
[PlyCount "61"]
[EventDate "2009.11.11"]
[EventType "swiss"]
[EventRounds "11"]
[EventCountry "ESP"]
[Source "lmi"]
[SourceDate "2009.11.11"]

1. d4 d5 2. c4 c6 3. Nc3 Nf6 4. Bg5 dxc4 5. a4 Nd5 6. e4 Nxc3 7. bxc3 Qa5 8.
Bd2 Be6 9. Nf3 f6 10. Be2 Nd7 11. Nh4 O-O-O 12. O-O g5 13. Nf5 Bxf5 14. exf5
Qxf5 15. a5 Qd5 16. Bf3 Qd6 17. Qa4 h5 18. Qxc4 a6 19. Rfb1 Nb8 20. Rb6 e5 21.
Rab1 Rd7 22. Be3 exd4 23. cxd4 Rc7 24. Qb3 Qe7 25. d5 g4 26. Bf4 gxf3 27. Bxc7
Qg7 28. g3 h4 29. Rxb7 hxg3 30. Rxb8+ Kd7 31. dxc6+ 1-0

[Event "Campeonato del mundo sub-18"]
[Site "Kemer TUR"]
[Date "2009.11.15"]
[Round "4.45"]
[White "Me, Kevin"]
[Black "Margarido, Ricardo Emanuel Tor"]
[Result "1/2-1/2"]
[WhiteElo "2119"]
[BlackElo "1966"]
[PlyCount "62"]
[EventDate "2009.11.11"]
[EventType "swiss"]
[EventRounds "11"]
[EventCountry "ESP"]
[Source "lmi"]
[SourceDate "2009.11.11"]

1. e4 e5 2. Nf3 Nc6 3. Bb5 a6 4. Ba4 Nf6 5. O-O b5 6. Bb3 Be7 7. Re1 d6 8. c3
O-O 9. h3 Na5 10. Bc2 c5 11. d4 Nd7 12. d5 Nb6 13. g4 h5 14. Nh2 Bg5 15. Nd2
Qf6 16. Qf3 Qxf3 17. Ndxf3 Bxc1 18. Raxc1 hxg4 19. hxg4 g6 20. g5 Kg7 21. Kg2
Rh8 22. b3 Bd7 23. Rh1 Nb7 24. Nf1 Rxh1 25. Kxh1 a5 26. Ne3 a4 27. b4 cxb4 28.
cxb4 Rc8 29. Nd2 f6 30. gxf6+ Kxf6 31. Kg2 Nd8 1/2-1/2

[Event "Campeonato del mundo sub-18"]
[Site "Kemer TUR"]
[Date "2009.11.15"]
[Round "4.47"]
[White "Tasdelen, Deniz Murat"]
[Black "Celis, Joel Chang"]
[Result "1-0"]
[WhiteElo "2058"]
[BlackElo "1698"]
[PlyCount "59"]
[EventDate "2009.11.11"]
[EventType "swiss"]
[EventRounds "11"]
[EventCountry "ESP"]
[Source "lmi"]
[SourceDate "2009.11.11"]

1. e4 c5 2. Nf3 Nc6 3. Bb5 e6 4. Bxc6 bxc6 5. e5 Be7 6. O-O f6 7. d4 cxd4 8.
Nxd4 fxe5 9. Qh5+ g6 10. Qxe5 Bf6 11. Qe4 Ne7 12. Rd1 e5 13. Ne6 Qb6 14. Qf3
Ng8 15. Be3 Qb8 16. Nc3 dxe6 17. Ne4 Be7 18. Bg5 Bd7 19. Bxe7 Kxe7 20. Rxd7+
Kxd7 21. Qf7+ Kc8 22. Rd1 Ne7 23. Qxe7 Qc7 24. Qxe6+ Kb8 25. Nc5 Rd8 26. Qb3+
Kc8 27. Rxd8+ Kxd8 28. Qg8+ Ke7 29. Qxh7+ Kd6 30. Ne4+ 1-0

[Event "Campeonato del mundo sub-18"]
[Site "Kemer TUR"]
[Date "2009.11.15"]
[Round "4.50"]
[White "Kin, Kurt"]
[Black "Rasovic, Uros"]
[Result "0-1"]
[WhiteElo "1839"]
[BlackElo "1914"]
[PlyCount "56"]
[EventDate "2009.11.11"]
[EventType "swiss"]
[EventRounds "11"]
[EventCountry "ESP"]
[Source "lmi"]
[SourceDate "2009.11.11"]

1. e4 c5 2. Nf3 d6 3. d4 cxd4 4. Nxd4 Nf6 5. Nc3 a6 6. Bg5 e6 7. f4 Nbd7 8. Qf3
Qc7 9. g4 Be7 10. O-O-O h6 11. Bxf6 Bxf6 12. h4 Qb6 13. Nb3 Qc7 14. Nd4 g5 15.
hxg5 hxg5 16. Rxh8+ Bxh8 17. f5 Ne5 18. Qh3 Bf6 19. Qh5 Kd8 20. Be2 Qe7 21. Nf3
Kc7 22. Nxe5 Bxe5 23. Rf1 Bd7 24. fxe6 Bxe6 25. Nd5+ Bxd5 26. exd5 Bf4+ 27. Kd1
Re8 28. Rf2 Qe3 0-1

[Event "Campeonato del mundo sub-18"]
[Site "Kemer TUR"]
[Date "2009.11.16"]
[Round "6.1"]
[White "Shukh, Nikolay"]
[Black "Matlakov, Maxim"]
[Result "1/2-1/2"]
[WhiteElo "2438"]
[BlackElo "2575"]
[PlyCount "39"]
[EventDate "2009.11.11"]
[EventType "swiss"]
[EventRounds "11"]
[EventCountry "ESP"]
[Source "lmi"]
[SourceDate "2009.11.11"]

1. e4 e5 2. Nf3 Nc6 3. Bb5 a6 4. Ba4 Nf6 5. O-O Be7 6. d3 b5 7. Bb3 d6 8. a4
Bg4 9. c3 O-O 10. Nbd2 Na5 11. Bc2 c5 12. Re1 h6 13. Nf1 Re8 14. h3 Be6 15. Ne3
Nc6 16. d4 exd4 17. cxd4 Nb4 18. Bb1 bxa4 19. Rxa4 Bf8 20. dxc5 1/2-1/2